MARC

Tag First Indicator Second Indicator Subfields
LEADER 00000pam a2200000 a 4500
001 in00000096515
005 20150923174130.0
008 811019s1982 enka b 00110 eng
010 |a  81017932  
020 |a 0080261671 :  |c 922.50 ($55.00 U.S.) 
020 |a 0080261663 (pbk.) :  |c 99.95 ($22.50 U.S.) 
035 |a (OCoLC)07947952 
035 |9 AAK8643AM 
039 0 |a 2  |b 3  |c 3  |d 3  |e 3 
040 |a DLC  |c DLC  |d UtOrBLW 
049 |a TXAM  |c [1443388] 
050 0 0 |a TA658.2  |b .O8 1982 
082 0 |a 620.1/123  |2 19 
100 1 |a Osgood, Carl C. 
245 1 0 |a Fatigue design /  |c by Carl C. Osgood. 
250 |a 2nd ed. 
264 1 |a Oxford [Oxfordshire] ;  |a New York :  |b Pergamon Press,  |c 1982. 
300 |a ix, 606 pages :  |b illustrations ;  |c 24 cm. 
336 |a text  |b txt  |2 rdacontent 
337 |a unmediated  |b n  |2 rdamedia 
338 |a volume  |b nc  |2 rdacarrier 
490 1 |a Pergamon international library of science, technology, engineering, and social studies 
490 1 |a International series on the strength and fracture of materials and structures 
504 |a Includes bibliographical references and index. 
650 0 |a Structural design. 
650 0 |a Machine design. 
650 0 |a Materials  |x Fatigue. 
830 0 |a Pergamon international library of science, technology, engineering, and social studies. 
830 0 |a International series on the strength and fracture of materials and structures. 
999 |a MARS 
999 f f |s 25883535-2815-3da4-9ffe-a4442b129209  |i 8ed2c912-5dd7-3947-8fc8-371794634958  |t 0 
952 f f |p normal  |a Texas A&M University  |b College Station  |c Sterling C. Evans Library  |d Evans: Library Stacks  |t 0  |e TA658.2 .O8 1982  |h Library of Congress classification  |i unmediated -- volume  |m A14806037769 
998 f f |a TA658.2 .O8 1982  |t 0  |l Evans: Library Stacks